| 000 | 00589nam a2200205Ia 4500 | ||
|---|---|---|---|
| 003 | OSt | ||
| 005 | 20230607115148.0 | ||
| 008 | 210423s1976 xx 000 0 und d | ||
| 040 | _cAL | ||
| 041 | _aeng | ||
| 082 |
_a340 _223 _b GOVK |
||
| 245 | _aAnnual volume of karnataka acts and ordinatives for the year 1976 | ||
| 260 |
_aKarnataka _bGovernment Of Karnataka _c1976 |
||
| 300 |
_axv,805 _bPB |
||
| 365 |
_b11.15 _cINR |
||
| 650 |
_aLaw _9121371 |
||
| 650 |
_aSocial Sciences _9121372 |
||
| 906 | _a1976 ; acts ; Annual ; karnataka ; ordinatives ; volume ; year | ||
| 942 |
_2ddc _cBK |
||
| 999 |
_c175033 _d175033 |
||